Ազգերու պատմութիւն : (Record no. 118395)
[ view plain ]
| 000 -LEADER | |
|---|---|
| fixed length control field | 01189nam a2200217 a 4500 |
| 003 - CONTROL NUMBER IDENTIFIER | |
| control field | AM-YeHGA |
| 040 ## - CATALOGING SOURCE | |
| Original cataloging agency | AM-YeHGA |
| 090 ## - LOCALLY ASSIGNED LC-TYPE CALL NUMBER (OCLC); LOCAL CALL NUMBER (RLIN) | |
| -- | 119743 |
| 001 - CONTROL NUMBER | |
| control field | 000318919 |
| 005 - DATE AND TIME OF LATEST TRANSACTION | |
| control field | 20250618072025.0 |
| 008 - FIXED-LENGTH DATA ELEMENTS--GENERAL INFORMATION | |
| fixed length control field | 040317 1911 tu a 000 | arm d |
| 041 0# - LANGUAGE CODE | |
| Language code of text/sound track or separate title | arm |
| 100 1# - MAIN ENTRY--PERSONAL NAME | |
| Personal name | Հակոբյան, Հովհաննես Հակոբի, |
| Dates associated with a name | 1876-1937 |
| 9 (RLIN) | 1224 |
| 245 10 - TITLE STATEMENT | |
| Title | Ազգերու պատմութիւն : |
| Remainder of title | Բարձրագոյն դասընթացք : Պատկերազարդ / |
| Statement of responsibility, etc. | Յովհ. Յակոբեան. |
| 260 ## - PUBLICATION, DISTRIBUTION, ETC. | |
| Place of publication, distribution, etc. | Կ. Պոլիս : |
| Name of publisher, distributor, etc. | տպ. Նշան-Պապիկեան, |
| Date of publication, distribution, etc. | 1911. |
| 300 ## - PHYSICAL DESCRIPTION | |
| Extent | Հ. ; |
| Dimensions | 17 սմ. |
| 505 00 - FORMATTED CONTENTS NOTE | |
| Miscellaneous information | Հ. Ա. (Կ. Պոլիս, տպ. Նշան Պապիկեան, 1911, 264 էջ) : |
| -- | Արեւելեան հին ազգեր եւ Յունաստան |
| Miscellaneous information | Հ. Բ. (Կ. Պոլիս, տպ. Յ. Մատթէոսեան, 1912, 224 էջ) : |
| -- | Հռովմ եւ արեւմուտք (Հռովմայեցիք եւ նախամիջնադար) ; |
| Miscellaneous information | Հ. Գ., Մաս Ա. (Կ. Պոլիս, տպ. Օ. Արզուման, 1920, 194 էջ) : |
| -- | Միջին դար : Արդի պատմութիւն |
| 650 14 - SUBJECT ADDED ENTRY--TOPICAL TERM | |
| Topical term or geographic name entry element | Պատմություն |
| Form subdivision | Դասագիրք |
| Chronological subdivision | Միջին դարեր |
| 651 #4 - SUBJECT ADDED ENTRY--GEOGRAPHIC NAME | |
| Geographic name | Հին Արևելք |
| 942 ## - ADDED ENTRY ELEMENTS (KOHA) | |
| Source of classification or shelving scheme | Universal Decimal Classification |
| Koha item type | Գրքեր / Books |
| Withdrawn status | Lost status | Damaged status | Not for loan | Collection | Home library | Current library | Date acquired | Serial enumeration / chronology | Total checkouts | Full call number | Barcode | Date last seen | Price effective from | Koha item type | Public note | Source of classification or shelving scheme |
|---|---|---|---|---|---|---|---|---|---|---|---|---|---|---|---|---|
| General | Fundamental Scientific Library | Fundamental Scientific Library | 22/12/2016 | 1 | AI/6674 | FL0043055 | 22/12/2016 | 22/12/2016 | Գրքեր / Books | 30 Days Loan | ||||||
| General | Fundamental Scientific Library | Fundamental Scientific Library | 22/12/2016 | 3 | AII/32300 | 220032300 | 22/12/2016 | 22/12/2016 | Գրքեր / Books | 30 Days Loan | ||||||
| General | Fundamental Scientific Library | Fundamental Scientific Library | 22/12/2016 | 1 | AII/46832 | 220046832 | 22/12/2016 | 22/12/2016 | Գրքեր / Books | 30 Days Loan | ||||||
| General | Fundamental Scientific Library | Fundamental Scientific Library | 22/12/2016 | 1 | AII/46833 | 220046833 | 22/12/2016 | 22/12/2016 | Գրքեր / Books | 30 Days Loan | ||||||
| General | Fundamental Scientific Library | Fundamental Scientific Library | 22/12/2016 | 2 | AII/46834 | 220046834 | 22/12/2016 | 22/12/2016 | Գրքեր / Books | 30 Days Loan | ||||||
| Levonyan Individual Collection | Fundamental Scientific Library | Fundamental Scientific Library | 22/12/2016 | Հ. Ա | Լեվ/1424 | FL0402551 | 22/12/2016 | 22/12/2016 | Գրքեր / Books | ILL Non-Circ. | Universal Decimal Classification | |||||
| Pogharian Individual Collection | Fundamental Scientific Library | Fundamental Scientific Library | 22/12/2016 | 2 | Պող/864 | FL0321263 | 22/12/2016 | 22/12/2016 | Գրքեր / Books | ILL Non-Circ. | Universal Decimal Classification | |||||
| Alpoiajian Individual Collection | Fundamental Scientific Library | Fundamental Scientific Library | 15/03/2019 | 2 | Ալպ/736 | FL0556157 | 15/03/2019 | 15/03/2019 | Գրքեր / Books | ILL Non-Circ | Universal Decimal Classification | |||||
| Alpoiajian Individual Collection | Fundamental Scientific Library | Fundamental Scientific Library | 15/03/2019 | 3 | Ալպ/737 | FL0556159 | 15/03/2019 | 15/03/2019 | Գրքեր / Books | ILL Non-Circ | Universal Decimal Classification |
ՀՀ Գիտությունների ազգային ակադեմիայի հիմնարար գիտական գրադարան = Fundamental Scientific Library of NAS RA
All site content, except where otherwise noted, is licensed under a